000 00838cab a2200265 4500
001 WB3012-40
008 090401t1994 xxu||||| |||| 00| 0 eng d
035 _a(Sirsi) u10868
041 _aeng
245 _a£25m investment programme
260 _c1994
350 _a0
490 _aEnglish Partnerships
_v22 March 1994 (3)
520 _aEnglish Partnerships has announced its initial investment programme of £25m for the provision of industrial buildings and inner city accommodation. Details are given of 6 of the 25 projects in the package.
650 _aENGLISH PARTNERSHIPS
650 _aFACTORIES
650 _aFUNDING
650 _aINVESTMENT PROGRAMME
650 _aSTUDENT ACCOMMODATION
650 _aURBAN REGENERATION
650 _aWORKSHOPS
690 _aURBAN RENEWAL
942 _n0
948 _c04/03/1997
999 _c6918
_d6918